LEADER 01161nam a2200289 u 4500 001 000000077854 003 CaOOAMICUS 005 20070226123351.0 008 040305s1993 nyu u000 u eng u 020 $a0231052499 035 $a10986155 040 $aPUL$bita 100 1 $aRawls, John.$0(OLS)http://pul/name/25060 245 10$aPolitical liberalism /$cJohn Rawls. 260 $aNew York :$bColumbia University Press,$cc1993. 300 $alxii, 464 p. ;$c23 cm 490 1 $aThe John Dewey Essays in Philosophy ;$v4 500 $aComprende indice. 504 $aBibliografia in nota. 650 4$aLiberalismo (Politica).$0(OLS)http://pul/subject/17275 830 4$aThe John Dewey Essays in Philosophy ;$v4.$0(OLS)http://pul/title/102081 850 $aPUL 852 $aPUL$W1$xDP1 Cons. Gen., Altre Classi 1$y22$m44 H 43$j99948$nBK-PRI$b $qStampati$B99948$CPULBib$Z2$F99948 $HPUL91861 $81 941 1 $a8 996 $6020$a0231052499$9(OLS)http://pul/number/102129 996 $6245$aPolitical liberalism$9(OLS)http://pul/title/102080 996 $6260$aNew York :$bColumbia University Press$9(OLS)http://pul/publisher/50551 LEADER 00779naa a2200205 u 4500 001 000000103398 003 CaOOAMICUS 005 20070226130215.0 008 061115s1978 it u000 u ita u 035 $a11106941 040 $aIAR$bita 100 1 $aVanni Rovighi, Sofia,$d1908-1990.$0(OLS)http://pul/name/5652 245 10$aStudi tomistici dal 1945 /$cSofia Vanni Rovighi. 260 $aMilano :$bVita e pensiero,$c1978. 300 $av.2, p. 207-221 ;$c22 cm 500 $aIAR: CCI.222 773 0 $aStudi di filosofia medioevale (Vanni Rovighi, Sofia) 773 0 $aVanni Rovighi, Sofia.$tStudi di filosofia medioevale$g19-20.$w()12175 996 $6245$aStudi tomistici dal 1945$9(OLS)http://pul/title/130303 996 $6260$aMilano :$bVita e pensiero$9(OLS)http://pul/publisher/48016